Smery ďalšieho rozvíjania a zdokonaľovania metodológie bilancie národného hospodárstva výskumná práca
Saved in:
| Format: | Book |
|---|---|
| Language: | Slovak |
| Published: |
Bratislava
Výskumné výpočtové stredisko
1981
|
| Series: | Výskumné práce
č. 211 |
| Tags: |
No Tags, Be the first to tag this record!
|
MARC
| LEADER | 00000nam a2200000 4500 | ||
|---|---|---|---|
| 001 | c127581 | ||
| 005 | 20181203150421.9 | ||
| 041 | 0 | |a slo | |
| 044 | |a SK | ||
| 245 | 1 | 0 | |a Smery ďalšieho rozvíjania a zdokonaľovania metodológie bilancie národného hospodárstva |b výskumná práca |
| 264 | 1 | |a Bratislava |b Výskumné výpočtové stredisko |c 1981 | |
| 300 | |a 101, 21, 11 s. | ||
| 490 | 1 | |a Výskumné práce |v č. 211 | |
| 830 | 0 | |a Výskumné práce |v č. 211 | |